01377ntm a2200169 a 4500008004100000020001800041041000800059100002400067245004500091250001100136260005100147300002100198500012100219505082200340655001101162700003401173170302t2016 ag ||||g |||| 001 0 spa d a9789507742903 aspa1 aVázquez, Abelardo aOtoño en Bermejo /cAbelardo Vázquez a1a ed. aMendoza:bUniversidad Nacional de Cuyo;c2016. a90 p.c21x14 cm. aVázquez, A. y Gauna Orpianesi, M. L. (2016). Otoño en Bermejo. (1a ed.). Mendoza : Universidad Nacional de Cuyo. a"Generoso y abierto a todo lo que enriqueciera su sensibilidad, jamás incurrió en el sectarismo ideológico y mucho menos en el cierre a otras actitudes literarias (...) De sus lecturas y viajes a Chile, por ejemplo, trajo la admiración por Pablo Neruda y Juvencio Valle, del mismo modo como (...) mereció la amistad fraternal de Miguel Ángel Asturias. A través de la relación con escritores como Julio Cortázar, Daniel Devoto y Juan Rodolfo Wilcok, a quienes conoció cuando vivieron en Mendoza, su personalidad y su obra alcanzaron el reconocimiento nacional (...) Los valores literarios tuvieron para Vázquez un predominio absoluto y la desilusión y el escepticismo que le trajeron los ños, se manifestó por un irónico desdén de todo lo que no fuera auténtico en el orden literario" aPoesia1 aGauna Orpianesi, Maria Lorena